| 000 | 00352nam a2200133Ia 4500 | ||
|---|---|---|---|
| 008 | 210430s9999 xx 000 0 und d | ||
| 020 | _a978-019-567172-8 | ||
| 082 | _a901 C683 I | ||
| 100 | _aR.G.Collingwood | ||
| 245 | 4 |
_aThe Idea of History _cR.G.Collingwood |
|
| 260 |
_aNew York _bOxford University _c2004 |
||
| 300 | _a509 p | ||
| 942 |
_cBK _2ddc |
||
| 999 |
_c563085 _d563085 |
||